[Event "Karnataka State Open-ch 2018"]
[Site "Bengaluru"]
[Date "2018.04.18"]
[Round "9"]
[White "Raghavendra, V.."]
[Black "Gavi, Siddayya"]
[Result "1/2-1/2"]
[WhiteElo "1898"]
[BlackElo "1993"]
[Annotator "NA RC"]
[PlyCount "121"]
[EventDate "2018.??.??"]
[EventType "swiss"]
[EventCountry "IND"]
[SourceTitle "playchess.com"]
[Source "ChessBase"]
[SourceQuality "1"]
[TimeControl "5400+30"]

1. e4 {[%emt 0:00:00]} e5 {[%emt 0:00:07]} 2. Nf3 {[%emt 0:00:00]} Nc6 {[%emt 0:00:05]} 3. Bb5 {[%emt 0:00:21]} a6 {[%emt 0:00:29]} 4. Ba4 {[%emt 0:00:03]} Nf6 {[%emt 0:00:14]} 5. O-O {[%emt 0:00:07]} Be7 {[%emt 0:00:07]} 6. Re1 {[%emt 0:00:26]} b5 {[%emt 0:00:11]} 7. Bb3 {[%emt 0:00:02]} d6 {[%emt 0:00:07]} 8. c3 {[%emt 0:00:06]} O-O {[%emt 0:00:11]} 9. d4 {[%emt 0:00:26]} Bg4 {[%emt 0:00:32]} 10. d5 {[%emt 0:00:08]} Na5 {[%emt 0:00:36]} 11. Bc2 {[%emt 0:00:04]} Qc8 {[%emt 0:00:43]} 12. h3 {[%emt 0:00:26]} Bd7 {[%emt 0:00:17]} 13. Nbd2 {[%emt 0:00:27]} c6 {[%emt 0:00:16]} 14. dxc6 {[%emt 0:00:12]} Qxc6 {[%emt 0:00:03]} 15. Nf1 {[%emt 0:01:03]} Nc4 {[%emt 0:00:53]} 16. Ng3 {[%emt 0:06:05] C91: Closed Ruy Lopez: 7...d6 8 c3 0-0 9 d4} g6 {[%emt 0:05:42]} (16... Rfe8 17. b3 Nb6 18. Be3 Rab8 19. Rc1 Qxc3 20. Bd3 Qa5 21. Bd2 Qa3 22. Rc2 Rec8 23. Bc1 Qa5 {½-½ (60) Gashimov,V (2740)-Svidler,P (2750) Nice 2010}) 17. Nh2 {[%emt 0:01:54]} Rfe8 {[%emt 0:02:10]} 18. Qf3 {[%emt 0:03:44]} Be6 {[%emt 0:06:28]} 19. b3 $146 {[%emt 0:07:09]} ({Predecessor:} 19. Ng4 Nxg4 20. hxg4 f6 21. Qe2 Rac8 22. a4 Ra8 23. Rd1 Red8 {½-½ (49) Bjornsson,S (2210)-Olsen,H (2270) Reykjavik 1998}) 19... Nb6 {[%emt 0:00:20]} 20. Bg5 {[%emt 0:03:53]} Nbd7 {[%emt 0:03:21]} 21. Rac1 {[%emt 0:10:34]} Rac8 {[%emt 0:08:21]} 22. Bd3 {[%emt 0:03:14]} d5 {[%emt 0:03:07]} 23. Qe2 {[%emt 0:24:19]} Nc5 {[%emt 0:08:35]} 24. Bb1 {[%emt 0:18:47]} Nh5 {[%emt 0:10:57]} 25. Bxe7 {[%emt 0:01:31]} Nf4 {[%emt 0:01:00]} 26. Qf3 {[%emt 0:00:29]} Rxe7 {[%emt 0:00:14]} 27. Ng4 {[%emt 0:01:40]} dxe4 {[%emt 0:06:03]} 28. Nxe4 {[%emt 0:02:45]} Bxg4 {[%emt 0:01:17]} 29. hxg4 {[%emt 0:00:37]} Nxe4 {[%emt 0:01:16]} 30. Bxe4 {[%emt 0:00:21]} Qf6 {[%emt 0:00:35]} 31. g3 {[%emt 0:07:44]} Nh3+ {[%emt 0:00:29]} 32. Kg2 {[%emt 0:00:02]} Qxf3+ {[%emt 0:00:15]} 33. Bxf3 {[%emt 0:00:03]} Ng5 {[%emt 0:00:08]} 34. Bd5 {[%emt 0:00:30]} Rc5 {[%emt 0:02:33]} 35. c4 {[%emt 0:00:23]} bxc4 {[%emt 0:00:32]} 36. Bxc4 {[%emt 0:00:02]} Rec7 {[%emt 0:00:58]} 37. Rcd1 {[%emt 0:00:11]} Kg7 {[%emt 0:01:54]} 38. Bxa6 {[%emt 0:02:37]} Rc2 {[%emt 0:04:24]} 39. Rxe5 {[%emt 0:01:27]} Rxa2 {[%emt 0:00:56]} 40. Rxg5 {[%emt 0:01:15]} Rxa6 {[%emt 0:00:06]} 41. Rgd5 {[%emt 0:01:51]} Rc3 {[%emt 0:01:06]} 42. R5d3 {[%emt 0:00:03]} Rc2 {[%emt 0:00:22]} 43. R1d2 {[%emt 0:00:02]} Rc1 {[%emt 0:00:13]} 44. Rb2 {[%emt 0:00:21]} Rb6 {[%emt 0:00:23]} 45. b4 {[%emt 0:00:06]} Rc4 {[%emt 0:00:23]} 46. b5 {[%emt 0:00:25]} Rxg4 {[%emt 0:01:09]} 47. Rd5 {[%emt 0:00:02]} Rc4 {[%emt 0:00:25]} 48. f4 {[%emt 0:02:01]} h5 {[%emt 0:00:55]} 49. Rb3 {[%emt 0:01:36]} h4 {[%emt 0:01:10]} 50. Kh3 {[%emt 0:00:21]} hxg3 {[%emt 0:00:12]} 51. Kxg3 {[%emt 0:00:02]} Kf6 {[%emt 0:00:56]} 52. Re5 {[%emt 0:00:12]} Kg7 {[%emt 0:03:40]} 53. Kf3 {[%emt 0:00:18]} Kf8 {[%emt 0:00:35]} 54. Ke3 {[%emt 0:02:06]} f6 {[%emt 0:00:49]} 55. Re4 {[%emt 0:00:47]} Rc5 {[%emt 0:00:07]} 56. Reb4 {[%emt 0:00:04]} Ke7 {[%emt 0:00:25]} 57. Kd4 {[%emt 0:00:07]} Kd6 {[%emt 0:00:25]} 58. Rb1 {[%emt 0:02:09]} Rf5 {[%emt 0:02:20]} 59. Ke4 {[%emt 0:00:26]} Kc5 $11 {[%emt 0:00:43]} 60. Kf3 {[%emt 0:00:45]} g5 {[%emt 0:02:36]} 61. Kg4 {[%emt 0:00:03]} 1/2-1/2

[Event "Karnataka State Open-ch 2018"]
[Site "Bengaluru"]
[Date "2018.04.18"]
[Round "9"]
[White "Hardik, Jha"]
[Black "Ajitesh Kumara"]
[Result "1-0"]
[WhiteElo "1882"]
[BlackElo "1431"]
[Annotator "NA RC"]
[PlyCount "63"]
[EventDate "2018.??.??"]
[EventType "swiss"]
[EventCountry "IND"]
[SourceTitle "playchess.com"]
[Source "ChessBase"]
[SourceQuality "1"]
[TimeControl "5400+30"]

1. Nf3 {[%emt 0:00:00]} Nf6 {[%emt 0:00:07]} 2. g3 {[%emt 0:00:00]} g6 {[%emt 0:00:10]} 3. Bg2 {[%emt 0:00:00]} Bg7 {[%emt 0:00:07]} 4. c4 {[%emt 0:00:00]} O-O {[%emt 0:00:31]} 5. Nc3 {[%emt 0:00:00]} d6 {[%emt 0:00:14]} 6. O-O {[%emt 0:00:12]} Nc6 {[%emt 0:01:39]} 7. d3 {[%emt 0:00:19]} e5 {[%emt 0:02:39]} 8. Bd2 {[%emt 0:01:41]} Ne8 {[%emt 0:09:42]} 9. Nd5 {[%emt 0:02:33]} f5 {[%emt 0:04:29]} 10. Bc3 {[%emt 0:03:40]} Ne7 {[%emt 0:05:42]} 11. Nd2 {[%emt 0:14:25]} c6 {[%emt 0:10:36]} 12. Nxe7+ {[%emt 0:03:53]} Qxe7 {[%emt 0:02:59]} 13. e3 {[%emt 0:04:00]} Nf6 {[%emt 0:09:46]} 14. Qc2 {[%emt 0:03:12]} Be6 {[%emt 0:01:44]} 15. Rae1 {[%emt 0:01:16]} Rac8 {[%emt 0:07:43]} 16. f4 {[%emt 0:01:47]} Nd7 {[%emt 0:01:58]} 17. Nf3 {[%emt 0:05:12]} h6 {[%emt 0:02:04]} 18. b3 {[%emt 0:01:14]} Bf7 {[%emt 0:01:19]} 19. e4 {[%emt 0:04:05]} exf4 {[%emt 0:05:46]} 20. exf5 {[%emt 0:02:18]} Qd8 {[%emt 0:01:12]} 21. fxg6 {[%emt 0:01:49]} Bxg6 {[%emt 0:00:14]} 22. Bxg7 {[%emt 0:00:56]} Kxg7 {[%emt 0:00:14]} 23. Qc3+ {[%emt 0:00:47]} Kh7 {[%emt 0:02:05]} 24. Nh4 {[%emt 0:00:36]} Ne5 {[%emt 0:05:09]} 25. d4 {[%emt 0:04:08]} Nd3 {[%emt 0:14:22]} 26. Nxg6 {[%emt 0:00:54]} Nxe1 {[%emt 0:00:54]} 27. Nxf8+ {[%emt 0:00:02]} Qxf8 {[%emt 0:00:38]} 28. Qxe1 {[%emt 0:01:24]} Re8 {[%emt 0:00:42]} 29. Qd2 {[%emt 0:01:40]} Qe7 30. Qxf4 {[%emt 0:00:04]} Qe3+ {[%emt 0:01:55]} 31. Qxe3 {[%emt 0:00:29]} Rxe3 32. Rf7+ 1-0

[Event "Karnataka State Open-ch 2018"]
[Site "Bengaluru"]
[Date "2018.04.18"]
[Round "9"]
[White "Bachikar, Girish"]
[Black "Sanjay, N.."]
[Result "0-1"]
[WhiteElo "1704"]
[BlackElo "2346"]
[Annotator "TA"]
[PlyCount "76"]
[EventDate "2018.??.??"]
[EventType "swiss"]
[EventCountry "IND"]
[SourceTitle "playchess.com"]
[Source "ChessBase"]
[SourceQuality "1"]

{[%evp 9,76,23,32,0,0,0,12,6,32,-8,2,-8,-10,-8,0,-4,-5,-68,-66,-96,-105,-91,-100,-167,-168,-193,-161,-163,-169,-172,-158,-172,-169,-194,-157,-180,-169,-244,-227,-234,-155,-386,-290,-275,-261,-500,-493,-657,-449,-508,-493,-650,-638,-772,-750,-826,-820,-802,-775,-906,-844,-896,-872,-975,-934,-2152,-2146,-4990,-2443]} 1. d4 Nf6 2. Nf3 d5 3. c4 e6 4. Nc3 Bb4 5. Bg5 Nbd7 {LiveBook: 1170 Games} 6. g3 {D38: Queen's Gambit Declined: Ragozin Defence (4 Nf3 Bb4)} (6. e3 c5 7. cxd5 exd5 8. Bd3 c4 9. Bf5 Qa5 10. Qc2 O-O 11. O-O Re8 12. Nd2 g6 13. Bh3 Kg7 14. Rfb1 h6 15. Bh4 g5 16. Bxd7 Bxd7 17. Bg3 Kg8 18. a3 Bf8 19. b3 cxb3 20. Nxb3 Qd8 21. Be5 Rc8 {1-0 (40) Korobov,A (2652)-Mamedyarov,S (2799) Huaian 2017}) 6... c6 7. Bg2 dxc4 8. O-O {The position is equal.} Qa5 9. Bd2 $146 ({Predecessor:} 9. Qc2 Nd5 10. Ne4 b5 11. b3 h6 12. a3 Bc3 13. bxc4 bxc4 14. Bd2 Bxd2 15. Nfxd2 O-O 16. Nxc4 {1-0 (31) Carlsen,M (2553)-Kosteniuk,A (2490) Wijk aan Zee 2005}) 9... O-O 10. a3 Bxc3 11. Bxc3 Qc7 12. Nd2 b5 13. a4 (13. b3 $11) 13... Bb7 $1 $15 14. b3 Nd5 15. Bxd5 exd5 ({Reject} 15... cxd5 $6 16. axb5 Nb6 17. bxc4 $11) 16. b4 (16. bxc4 $17 {is a better defense.} bxc4 17. e4) 16... Rfe8 $19 17. Re1 Nf6 18. Qc2 a6 19. f3 Rad8 20. e3 Re6 21. Re2 Rde8 22. Rae1 R6e7 23. a5 (23. e4 $142) 23... Bc8 {[%cal Bb7c8,Bc8g4,Bg4h5,Bh5g6][%mdl 32]} 24. e4 dxe4 25. fxe4 $2 (25. Nxe4 $17 Nd5 26. Nc5) 25... Bg4 26. Rf2 Bh5 27. d5 $2 {[#]} (27. Qc1) 27... Nxd5 $1 {[%mdl 512] Black is clearly winning.} 28. Bd4 (28. exd5 Rxe1+) 28... Bg6 29. Qb2 f6 {[%cal Bf7f6,Bf6e5][%mdl 32]} 30. e5 fxe5 31. Bc5 c3 32. Qb3 cxd2 33. Rxd2 Rf7 34. Rc1 Qd7 35. Re1 h6 36. Red1 Qg4 37. Rxd5 cxd5 38. Rxd5 Qe2 {Precision: White = 28%, Black = 82%.} 0-1

[Event "Karnataka State Open-ch 2018"]
[Site "Bengaluru"]
[Date "2018.04.18"]
[Round "9"]
[White "Shreyash, A Kulkarni"]
[Black "Arvind, Shastry"]
[Result "0-1"]
[WhiteElo "1605"]
[BlackElo "2175"]
[Annotator "TA"]
[PlyCount "60"]
[EventDate "2018.??.??"]
[EventType "swiss"]
[EventCountry "IND"]
[SourceTitle "playchess.com"]
[Source "ChessBase"]
[SourceQuality "1"]

{[%evp 15,60,11,19,13,-7,-36,-32,-35,-35,-66,-70,-88,16,-14,-32,-33,20,-48,11,-28,-48,-51,-29,-63,-52,-110,-111,-129,-93,-117,-102,-100,-116,-328,-327,-316,-319,-362,-93,-1139,-1134,-1085,-1029,-1191,-1172,-2179,-2186]} 1. e4 c5 2. c3 d5 3. exd5 Qxd5 4. d4 Nf6 5. Nf3 Bg4 6. dxc5 Qxc5 7. Be3 {B22: Sicilian: 2 c3} (7. h3 Bh5 8. Na3 a6 9. Be3 Qc7 10. Qa4+ Nbd7 11. Bf4 {½-½ (11) Zhigalko,S (2656)-Topalov,V (2813) Baku 2015}) 7... Qc7 8. Na3 a6 {LiveBook: 73 Games} 9. Nc4 {aiming for Nb6.The position is equal.} Nbd7 10. a4 (10. h3 $5 {[%cal Rh3g4]} Bf5 11. Qd4 $14) 10... e6 11. a5 $146 ({Predecessor:} 11. Qd2 Be7 12. Bf4 Qc6 13. Nfe5 Qe4+ 14. Qe3 Qxe3+ 15. Bxe3 O-O 16. Nxg4 Nxg4 17. Be2 Nxe3 18. Nxe3 {½-½ (18) Von Herman,B (2085)-Fuchs,A (2130) Braunfels 2009}) 11... Bc5 12. Bd3 O-O 13. O-O e5 (13... Rad8 $17 14. Bg5 Ba7 15. Bxf6 Nxf6) 14. Be2 Rad8 15. Qc2 Be6 (15... Bxe3 $15 16. Nxe3 Bh5) 16. Nfd2 ({White should play} 16. Bxc5 $11 Qxc5 17. b4) 16... h6 (16... Nd5 $15) 17. b4 Be7 18. Rfc1 Nd5 19. Rab1 f5 20. f3 ({White should try} 20. Rd1 $15) 20... Nxe3 $17 21. Nxe3 Bg5 22. Nef1 Nf6 23. c4 {[#]} e4 $1 {[%mdl 512] Threatens to win with ...Qd6.} 24. g3 $2 (24. Rd1 $17) (24. fxe4 fxe4) 24... Bxd2 $19 25. Nxd2 {[#]} f4 $1 {[%cal Rf4g3]} 26. Kg2 Qd7 $2 (26... fxg3 $19 27. hxg3 exf3+ 28. Nxf3 Ng4) 27. Nf1 $2 {[%mdl 8192]} (27. Nxe4 $17 Nxe4 28. Qxe4) 27... Bh3+ {Black is clearly winning.} 28. Kh1 Qd4 {Strongly threatening ...Qf2.} 29. c5 Kh8 30. Bc4 exf3 {Precision: White = 18%, Black = 56%.} 0-1

[Event "Karnataka State Open-ch 2018"]
[Site "Bengaluru"]
[Date "2018.04.18"]
[Round "9"]
[White "Rakshith Srinivasan"]
[Black "Likhit, Chilukuri"]
[Result "1-0"]
[WhiteElo "1597"]
[BlackElo "1988"]
[Annotator "NA RC"]
[PlyCount "57"]
[EventDate "2018.??.??"]
[EventType "swiss"]
[EventCountry "IND"]
[SourceTitle "playchess.com"]
[Source "ChessBase"]
[SourceQuality "1"]
[TimeControl "5400+30"]

1. e4 {[%emt 0:00:00]} d6 {[%emt 0:00:10]} 2. d4 {[%emt 0:00:00]} Nf6 {[%emt 0:00:06]} 3. Nc3 {[%emt 0:00:00]} Nbd7 {[%emt 0:00:05]} 4. Nf3 {[%emt 0:00:20]} e5 {[%emt 0:00:08]} 5. Bc4 {[%emt 0:00:52]} Be7 {[%emt 0:00:06]} 6. O-O {[%emt 0:00:07]} c6 {[%emt 0:00:03]} 7. a4 {[%emt 0:00:07]} Qc7 {[%emt 0:00:28]} 8. h3 {[%emt 0:01:32]} h6 {[%emt 0:00:06]} 9. Be3 {[%emt 0:00:20]} Nf8 {[%emt 0:00:59]} 10. Qd2 {[%emt 0:02:50]} g5 {[%emt 0:02:38]} 11. dxe5 {[%emt 0:06:32]} dxe5 {[%emt 0:00:06]} 12. Rab1 {[%emt 0:11:35]} a5 {[%emt 0:06:47]} 13. Qd3 {[%emt 0:11:35]} Ng6 {[%emt 0:01:54]} 14. Ne2 {[%emt 0:05:17]} Rg8 {[%emt 0:15:53]} 15. Qb3 {[%emt 0:04:04]} Rg7 {[%emt 0:01:02]} 16. Bb6 {[%emt 0:02:05]} Qb8 {[%emt 0:00:05]} 17. Ng3 {[%emt 0:01:29]} g4 {[%emt 0:00:23]} 18. hxg4 {[%emt 0:03:16]} Bxg4 {[%emt 0:00:26]} 19. Rbd1 {[%emt 0:05:29]} h5 {[%emt 0:10:00]} 20. Ng5 {[%emt 0:14:37]} Nh8 {[%emt 0:00:08]} 21. Nf3 {[%emt 0:02:16]} Nd7 {[%emt 0:11:08]} 22. Rd3 {[%emt 0:04:20]} h4 {[%emt 0:02:14]} 23. Ne2 {[%emt 0:00:43]} Qc8 {[%emt 0:06:26]} 24. Kh1 {[%emt 0:04:10]} Nxb6 {[%emt 0:15:47]} 25. Qxb6 {[%emt 0:00:03]} Bxf3 {[%emt 0:00:07]} 26. Rxf3 {[%emt 0:00:06]} Rxg2 {[%emt 0:00:08]} 27. Kxg2 {[%emt 0:02:47]} Qg4+ {[%emt 0:00:07]} 28. Kh2 {[%emt 0:00:02]} Qxf3 {[%emt 0:04:12]} 29. Qxb7 {[%emt 0:00:33]} 1-0

[Event "Karnataka State Open-ch 2018"]
[Site "Bengaluru"]
[Date "2018.04.18"]
[Round "9"]
[White "Kalki Eshwar D"]
[Black "Balkishan, A.."]
[Result "0-1"]
[WhiteElo "1515"]
[BlackElo "2026"]
[Annotator "NA RC"]
[PlyCount "132"]
[EventDate "2018.??.??"]
[EventType "swiss"]
[EventCountry "IND"]
[SourceTitle "playchess.com"]
[Source "ChessBase"]
[SourceQuality "1"]
[TimeControl "5400+30"]

1. e4 {[%emt 0:00:00]} c5 {[%emt 0:00:53]} 2. Nc3 {[%emt 0:00:00]} Nc6 {[%emt 0:00:07]} 3. Bb5 {[%emt 0:00:00]} Nd4 {[%emt 0:00:15]} 4. f4 {[%emt 0:00:07]} g6 {[%emt 0:00:18]} 5. Nf3 {[%emt 0:00:09]} Bg7 {[%emt 0:00:20]} 6. O-O {[%emt 0:00:14]} a6 {[%emt 0:03:01]} 7. Bd3 {[%emt 0:00:25]} Nc6 {[%emt 0:02:42]} 8. a4 {[%emt 0:03:54]} d6 {[%emt 0:01:59]} 9. Qe1 {[%emt 0:01:36]} Nf6 {[%emt 0:01:18]} 10. e5 {[%emt 0:00:43]} dxe5 {[%emt 0:01:07]} 11. fxe5 {[%emt 0:02:37]} Ng4 {[%emt 0:01:12]} 12. e6 {[%emt 0:08:11]} Bxe6 {[%emt 0:14:39]} 13. Ng5 {[%emt 0:02:27]} Qd6 {[%emt 0:05:50]} 14. Qh4 {[%emt 0:00:36]} Nf6 {[%emt 0:04:41]} 15. Nxe6 {[%emt 0:00:47]} Qxe6 {[%emt 0:00:02]} 16. Bc4 {[%emt 0:00:28]} Qd6 {[%emt 0:01:22]} 17. Ne2 {[%emt 0:11:49]} Nd4 {[%emt 0:01:57]} 18. Nxd4 {[%emt 0:00:13]} Qxd4+ {[%emt 0:00:10]} 19. Qxd4 {[%emt 0:00:06]} cxd4 {[%emt 0:00:09]} 20. d3 {[%emt 0:00:25]} h6 {[%emt 0:01:54]} 21. Bf4 {[%emt 0:00:33]} O-O {[%emt 0:01:26]} 22. a5 {[%emt 0:02:03]} e6 {[%emt 0:02:35]} 23. Ra3 {[%emt 0:02:15]} Rfd8 {[%emt 0:02:47]} 24. Bxh6 {[%emt 0:02:54]} Bxh6 {[%emt 0:05:13]} 25. Rxf6 {[%emt 0:00:08]} Kg7 {[%emt 0:00:30]} 26. Rf3 {[%emt 0:01:06]} Rd7 {[%emt 0:01:43]} 27. Rb3 {[%emt 0:00:45]} Be3+ {[%emt 0:01:24]} 28. Kf1 {[%emt 0:00:15]} Rh8 {[%emt 0:00:02]} 29. h3 {[%emt 0:04:04]} Rh5 {[%emt 0:00:02]} 30. Ra3 {[%emt 0:00:09]} Bc1 {[%emt 0:00:08]} 31. Ra2 {[%emt 0:05:42]} Bd2 {[%emt 0:02:12]} 32. g4 {[%emt 0:02:59]} Re5 {[%emt 0:00:16]} 33. Rf2 {[%emt 0:04:04]} Bxa5 {[%emt 0:00:21]} 34. Re2 {[%emt 0:00:22]} Rxe2 {[%emt 0:02:35]} 35. Kxe2 {[%emt 0:00:17]} Bb4 {[%emt 0:00:08]} 36. Ra1 {[%emt 0:01:52]} b5 {[%emt 0:02:29]} 37. Bb3 {[%emt 0:00:14]} a5 {[%emt 0:00:02]} 38. Rf1 {[%emt 0:00:17]} g5 {[%emt 0:02:06]} 39. h4 {[%emt 0:00:44]} gxh4 {[%emt 0:00:18]} 40. Rh1 {[%emt 0:00:55]} Rc7 {[%emt 0:00:19]} 41. Kd1 {[%emt 0:01:27]} Be7 {[%emt 0:00:04]} 42. Re1 {[%emt 0:00:24]} Kg6 {[%emt 0:02:47]} 43. Re5 {[%emt 0:00:39]} Rc5 {[%emt 0:00:02]} 44. Rxc5 {[%emt 0:01:18]} Bxc5 {[%emt 0:00:02]} 45. Ke2 {[%emt 0:00:28]} Kg5 {[%emt 0:00:03]} 46. Kf3 {[%emt 0:01:17]} a4 {[%emt 0:00:03]} 47. Ba2 {[%emt 0:00:55]} Bb4 {[%emt 0:00:02]} 48. Bb1 {[%emt 0:01:12]} Bd2 {[%emt 0:00:03]} 49. Ba2 {[%emt 0:01:04]} Bc1 {[%emt 0:00:08]} 50. c4 dxc3 {[%emt 0:00:04]} 51. bxc3 {[%emt 0:01:43]} Bd2 {[%emt 0:00:06]} 52. c4 {[%emt 0:00:23]} b4 {[%emt 0:00:02]} 53. c5 {[%emt 0:01:39]} b3 {[%emt 0:00:05]} 54. c6 {[%emt 0:00:03]} Bf4 {[%emt 0:00:08]} 55. Bb1 {[%emt 0:00:19]} a3 {[%emt 0:00:02]} 56. d4 {[%emt 0:00:06]} a2 {[%emt 0:00:04]} 57. c7 {[%emt 0:00:05]} Bxc7 {[%emt 0:00:03]} 58. Bxa2 {[%emt 0:00:04]} bxa2 {[%emt 0:00:06]} 59. d5 {[%emt 0:00:01]} a1=Q {[%emt 0:00:08]} 60. d6 {[%emt 0:00:05]} Bxd6 {[%emt 0:00:06]} 61. Ke4 {[%emt 0:00:04]} Qa4+ {[%emt 0:00:25]} 62. Kf3 {[%emt 0:00:09]} Qd4 {[%emt 0:00:23]} 63. Kg2 {[%emt 0:00:21]} Qe3 {[%emt 0:00:08]} 64. Kh1 {[%emt 0:00:05]} Qe2 {[%emt 0:00:10]} 65. Kg1 {[%emt 0:00:06]} Kxg4 {[%emt 0:00:05]} 66. Kh1 {[%emt 0:00:03]} Qh2# {[%emt 0:00:06]} 0-1

[Event "Karnataka State Open-ch 2018"]
[Site "Bengaluru"]
[Date "2018.04.18"]
[Round "9"]
[White "Samith Reddy I"]
[Black "Sameer, Ghotane"]
[Result "1/2-1/2"]
[WhiteElo "1480"]
[BlackElo "1881"]
[Annotator "NA RC"]
[PlyCount "136"]
[EventDate "2018.??.??"]
[EventType "swiss"]
[EventCountry "IND"]
[SourceTitle "playchess.com"]
[Source "ChessBase"]
[SourceQuality "1"]
[TimeControl "5400+30"]

1. e4 {[%emt 0:00:00]} c5 {[%emt 0:01:11]} 2. c3 {[%emt 0:00:00]} g6 {[%emt 0:01:13]} 3. d4 {[%emt 0:00:00]} cxd4 {[%emt 0:00:04]} 4. cxd4 {[%emt 0:00:00]} d5 {[%emt 0:00:05]} 5. exd5 {[%emt 0:00:02]} Nf6 {[%emt 0:00:04]} 6. Nc3 {[%emt 0:00:06]} Bg7 {[%emt 0:01:37]} 7. Nf3 {[%emt 0:00:08]} O-O {[%emt 0:00:18]} 8. Bc4 {[%emt 0:00:11]} Nbd7 {[%emt 0:00:04]} 9. O-O {[%emt 0:00:09]} Nb6 {[%emt 0:00:02]} 10. Bb3 {[%emt 0:00:07]} Nbxd5 {[%emt 0:00:08]} 11. Be3 {[%emt 0:00:05]} b6 {[%emt 0:00:38]} 12. Qd2 {[%emt 0:00:15]} Bb7 {[%emt 0:00:30]} 13. Nxd5 {[%emt 0:00:18]} Bxd5 {[%emt 0:00:19]} 14. Bxd5 {[%emt 0:02:27]} Qxd5 {[%emt 0:00:22]} 15. b3 {[%emt 0:03:09]} Rfd8 {[%emt 0:05:03]} 16. Rac1 {[%emt 0:00:55]} Ne4 {[%emt 0:04:07]} 17. Qb2 {[%emt 0:02:24]} Nd6 {[%emt 0:05:38]} 18. h3 {[%emt 0:04:08]} Nf5 {[%emt 0:02:35]} 19. Rfd1 {[%emt 0:03:42]} Nxe3 {[%emt 0:00:58]} 20. fxe3 {[%emt 0:00:08]} Qe4 {[%emt 0:01:06]} 21. Kf2 {[%emt 0:01:13]} Bh6 {[%emt 0:00:26]} 22. Qe2 {[%emt 0:00:17]} Rac8 {[%emt 0:00:58]} 23. Nd2 {[%emt 0:02:46]} Qf5+ {[%emt 0:03:07]} 24. Nf3 {[%emt 0:00:27]} Qa5 {[%emt 0:05:02]} 25. Ne5 {[%emt 0:01:15]} Bg7 {[%emt 0:16:51]} 26. Nc6 {[%emt 0:01:07]} Qa3 {[%emt 0:00:06]} 27. Rc2 {[%emt 0:01:35]} Re8 {[%emt 0:02:05]} 28. Rdc1 {[%emt 0:01:39]} Rc7 {[%emt 0:00:24]} 29. Qb5 {[%emt 0:01:43]} Rf8 {[%emt 0:05:10]} 30. Qb4 {[%emt 0:00:45]} Qxb4 {[%emt 0:01:15]} 31. Nxb4 {[%emt 0:00:06]} Rd7 {[%emt 0:02:07]} 32. Rc7 {[%emt 0:00:50]} Rfd8 {[%emt 0:00:46]} 33. R1c6 {[%emt 0:04:37]} f5 {[%emt 0:01:20]} 34. Kf3 {[%emt 0:02:11]} e5 {[%emt 0:01:21]} 35. dxe5 {[%emt 0:00:46]} Bxe5 {[%emt 0:00:32]} 36. Rxd7 {[%emt 0:00:25]} Rxd7 {[%emt 0:00:05]} 37. Rc8+ {[%emt 0:00:12]} Kg7 {[%emt 0:04:25]} 38. Nc6 {[%emt 0:01:27]} Bf6 {[%emt 0:03:23]} 39. Ra8 {[%emt 0:00:52]} a5 {[%emt 0:00:09]} 40. Rb8 {[%emt 0:00:44]} h5 {[%emt 0:01:39]} 41. Rxb6 {[%emt 0:00:20]} Rd2 {[%emt 0:00:07]} 42. Nxa5 {[%emt 0:00:13]} Rxa2 {[%emt 0:00:51]} 43. Nc4 {[%emt 0:00:19]} g5 {[%emt 0:00:08]} 44. g4 {[%emt 0:00:30]} fxg4+ {[%emt 0:02:47]} 45. hxg4 {[%emt 0:00:07]} h4 {[%emt 0:00:08]} 46. Nd6 {[%emt 0:02:50]} Be5 {[%emt 0:04:13]} 47. Nf5+ {[%emt 0:00:13]} Kf7 {[%emt 0:01:35]} 48. Rb7+ {[%emt 0:00:45]} Kf8 {[%emt 0:00:25]} 49. b4 {[%emt 0:00:08]} h3 {[%emt 0:04:25]} 50. Rh7 {[%emt 0:00:39]} h2 {[%emt 0:00:23]} 51. Ng3 {[%emt 0:00:12]} Rb2 {[%emt 0:01:09]} 52. b5 {[%emt 0:00:11]} Kg8 {[%emt 0:01:09]} 53. Rh5 {[%emt 0:00:07]} Kf7 {[%emt 0:00:05]} 54. b6 {[%emt 0:01:49]} Kg6 {[%emt 0:02:21]} 55. b7 {[%emt 0:00:30]} Kf7 {[%emt 0:00:23]} 56. Rh7+ {[%emt 0:01:14]} Ke6 {[%emt 0:00:20]} 57. Rh6+ {[%emt 0:00:25]} Kd7 {[%emt 0:00:04]} 58. Rh7+ {[%emt 0:00:24]} Kc6 {[%emt 0:00:10]} 59. Ne4 {[%emt 0:00:19]} Bc7 {[%emt 0:01:05]} 60. Nf2 {[%emt 0:02:52]} Kxb7 {[%emt 0:00:31]} 61. Rh8 {[%emt 0:02:13]} Be5 {[%emt 0:00:26]} 62. Rh7+ {[%emt 0:00:12]} Kc6 {[%emt 0:00:07]} 63. Nd3 {[%emt 0:00:31]} Rb5 {[%emt 0:09:20]} 64. Nxe5+ {[%emt 0:00:11]} Rxe5 {[%emt 0:00:01]} 65. Rxh2 {[%emt 0:00:07]} Kd5 {[%emt 0:00:25]} 66. Rd2+ {[%emt 0:00:15]} Ke6 {[%emt 0:00:04]} 67. Ra2 {[%emt 0:00:05]} Rb5 {[%emt 0:00:17]} 68. Ra6+ {[%emt 0:00:06]} Kf7 1/2-1/2

[Event "Karnataka State Open-ch 2018"]
[Site "Bengaluru"]
[Date "2018.04.18"]
[Round "9"]
[White "Shriya R Revankar"]
[Black "Sanjay Sindhia, MH."]
[Result "0-1"]
[WhiteElo "1472"]
[BlackElo "1761"]
[Annotator "NA RC"]
[PlyCount "62"]
[EventDate "2018.??.??"]
[EventType "swiss"]
[EventCountry "IND"]
[SourceTitle "playchess.com"]
[Source "ChessBase"]
[SourceQuality "1"]
[TimeControl "5400+30"]

1. e4 {[%emt 0:00:00]} c5 {[%emt 0:00:23]} 2. Nc3 {[%emt 0:00:00]} a6 {[%emt 0:00:46]} 3. g3 {[%emt 0:00:00]} b5 {[%emt 0:02:24]} 4. Bg2 {[%emt 0:00:00]} Bb7 {[%emt 0:00:10]} 5. d3 {[%emt 0:00:02]} e6 {[%emt 0:01:38]} 6. f4 {[%emt 0:00:52]} f5 {[%emt 0:08:51]} 7. Qe2 {[%emt 0:02:38]} b4 {[%emt 0:04:50]} 8. Nd1 {[%emt 0:03:32]} Nc6 {[%emt 0:13:35]} 9. Nf3 {[%emt 0:13:16]} fxe4 {[%emt 0:04:32]} 10. dxe4 {[%emt 0:00:07]} a5 {[%emt 0:01:05]} 11. e5 {[%emt 0:08:16]} Nh6 {[%emt 0:06:14]} 12. Be3 {[%emt 0:03:25]} Nf5 {[%emt 0:01:12]} 13. Qf2 {[%emt 0:01:14]} Rc8 {[%emt 0:03:16]} 14. O-O {[%emt 0:00:54]} Ba6 {[%emt 0:05:24]} 15. Re1 {[%emt 0:00:07]} Ncd4 {[%emt 0:00:39]} 16. g4 {[%emt 0:06:36]} Nxe3 {[%emt 0:03:00]} 17. Nxe3 {[%emt 0:00:10]} Be7 {[%emt 0:00:15]} 18. Bf1 {[%emt 0:05:13]} Bb7 {[%emt 0:02:58]} 19. Nxd4 {[%emt 0:00:38]} cxd4 {[%emt 0:00:47]} 20. Nc4 {[%emt 0:02:54]} O-O {[%emt 0:00:56]} 21. Red1 {[%emt 0:01:08]} Bc5 {[%emt 0:06:59]} 22. Bd3 {[%emt 0:00:25]} Qc7 {[%emt 0:01:57]} 23. h3 {[%emt 0:07:27]} Qc6 {[%emt 0:02:07]} 24. Kh2 {[%emt 0:01:18]} Rxf4 {[%emt 0:00:47]} 25. Qe2 {[%emt 0:01:45]} Rcf8 {[%emt 0:16:08]} 26. Rf1 {[%emt 0:00:06]} Qd5 {[%emt 0:02:29]} 27. Rxf4 {[%emt 0:02:56]} Rxf4 {[%emt 0:00:03]} 28. Rf1 {[%emt 0:00:07]} g5 {[%emt 0:02:07]} 29. Nd2 {[%emt 0:01:17]} Rxf1 {[%emt 0:00:53]} 30. Nxf1 {[%emt 0:00:08]} Qh1+ {[%emt 0:02:15]} 31. Kg3 {[%emt 0:00:05]} Qg1+ {[%emt 0:00:06]} 0-1